Países Conectados no Mapa do Mundo #2 - Statistics

Estatísticas Gerais
  • Esse quiz foi jogado 14 739 vezes
  • A pontuação média é 15 de 23
Respostas no mapa
Respostas codificadas por cores de uma escala verde-vermelha no mapa do quiz de acordo com a % correta abaixo.
 
Estatísticas das Respostas
País % Correto
Rússia
99%
Suécia
88%
Espanha
87%
Finlândia
87%
França
87%
Alemanha
85%
Marrocos
79%
Dinamarca
77%
Coreia do Norte
69%
Coreia do Sul
69%
Mali
63%
Mauritânia
60%
Nigéria
58%
Luxemburgo
56%
Camarões
52%
Moçambique
47%
Benim
44%
Etiópia
43%
República Centro-Africana
43%
Burkina Faso
42%
Tanzânia
42%
Quênia
41%
Sudão do Sul
37%
Nenhum quiz correspondente encontrado
Distribuição das Pontuações
Porcentagem de Pessoas com Cada Pontuação
Percentil de Números Respondidos
Sua Pontuação Histórica
Você não jogou esse quiz